| 000 | 00560nam a2200181 i 4500 | ||
|---|---|---|---|
| 001 | 77443 | ||
| 003 | ES-MaACL | ||
| 005 | 20230906173219.0 | ||
| 007 | t| | ||
| 008 | 041008s1968 sp ||||1| spa d | ||
| 100 | 1 |
_aHammond, Rolt. _961688 |
|
| 245 | 1 | 0 |
_aSoldadura automática / _cpor Rolt Hammond ; traducido por E. Martínez Abad ; revisado por J. Azcue. |
| 260 |
_aBilbao : _bUrmo, _c[1968] |
||
| 300 |
_a456 p., 19 lám. : _bil. ; _c25 cm. |
||
| 700 | 1 |
_aMartínez Abad, E. _977814 |
|
| 700 | 1 |
_aAzcue, J. _924276 |
|
| 852 |
_aES-MaACL _jC-42279 _bR.68565 |
||
| 999 |
_c77443 _d77443 |
||